000
00285nam a22001337a 4500
008
171016b xxu||||| |||| 00| 0 eng d
020
_a
9780691136233
041
_a
eng
080
_a
33
100
_a
52
101
_a
EKO
245
_a
THE SOULFUL SCIENCE
_c
COYLE,D
942
_2
udc
_c
BK
999
_c
34072
_d
34072